000 00373nam a2200133Ia 4500
008 130318s9999 xx 000 0 und d
020 _a8173660158
082 _a004.678 ALB/I
100 _aAlbitz, Paul
245 _aInternet in a nutshell: A desktop quick reference
260 _bOreilly/Shroff Publishers and Distributors
_aMumbai
_c1998
300 _a431
650 _aINTERNET
999 _c72
_d72